ARRUPE JESUIT UNIVERSITY

CORONAVIRUS -STOP THE SPREAD - CLEAN,DISINFECT,COVER

The Concise encyclopedia of western philosophy and philosophers / (Record no. 130992)

MARC details
000 -LEADER
fixed length control field 00905cam a2200277 a 4500
001 - CONTROL NUMBER
control field 1021965
003 - CONTROL NUMBER IDENTIFIER
control field ARRUPE
005 - DATE AND TIME OF LATEST TRANSACTION
control field 20211027104239.0
008 - FIXED-LENGTH DATA ELEMENTS--GENERAL INFORMATION
fixed length control field 881209s1989 enk e 001 0ceng
010 ## - LIBRARY OF CONGRESS CONTROL NUMBER
LC control number 88033875
020 ## - INTERNATIONAL STANDARD BOOK NUMBER
International Standard Book Number 0044453795
040 ## - CATALOGING SOURCE
Original cataloging agency DLC
Transcribing agency DLC
Modifying agency DLC
050 00 - LIBRARY OF CONGRESS CALL NUMBER
Classification number B41
Item number .C66 1989
082 00 - DEWEY DECIMAL CLASSIFICATION NUMBER
Classification number 190/.3
Edition number 19
300 ## - PHYSICAL DESCRIPTION
Dimensions 25 cm.
245 04 - TITLE STATEMENT
Title The Concise encyclopedia of western philosophy and philosophers /
Statement of responsibility, etc edited by J.O. Urmson and Jonathan Rée.
250 ## - EDITION STATEMENT
Edition statement New ed., completely rev.
260 ## - PUBLICATION, DISTRIBUTION, ETC. (IMPRINT)
Place of publication, distribution, etc London ;
-- Boston :
Name of publisher, distributor, etc Unwin Hyman,
Date of publication, distribution, etc 1989.
300 ## - PHYSICAL DESCRIPTION
Extent xiii, 331 p. ;
650 #0 - SUBJECT ADDED ENTRY--TOPICAL TERM
Topical term or geographic name as entry element Philosophy
General subdivision Encyclopedias.
9 (RLIN) 50713
650 #0 - SUBJECT ADDED ENTRY--TOPICAL TERM
Topical term or geographic name as entry element Philosophers
General subdivision Biography
-- Encyclopedias.
9 (RLIN) 50714
700 1# - ADDED ENTRY--PERSONAL NAME
Personal name Urmson, J. O.
9 (RLIN) 33561
700 1# - ADDED ENTRY--PERSONAL NAME
Personal name Rée, Jonathan,
Dates associated with a name 1948-
9 (RLIN) 50715
906 ## - LOCAL DATA ELEMENT F, LDF (RLIN)
a 7
b cbc
c orignew
d 1
e ocip
f 19
g y-gencatlg
942 ## - ADDED ENTRY ELEMENTS (KOHA)
Source of classification or shelving scheme Library of Congress Classification
Koha item type Monograph ( Printed materials)
Holdings
Withdrawn status Lost status Source of classification or shelving scheme Damaged status Not for loan Collection code Home library Current library Shelving location Date acquired Total Checkouts Full call number Barcode Date last seen Price effective from Koha item type
    Library of Congress Classification     Main Collection ARRUPE LIBRARY ARRUPE LIBRARY Main Collection 27/10/2021   B41 .C66 1989 46600006958 27/10/2021 27/10/2021 Monograph ( Printed materials)

 

Arrupe Library. PO Box MP320 Mt Pleasant, Harare, Zimbabwe
263 242 745411|librarian@aju.ac.zw